| 000 | 00867nam a22003017a 4500 | ||
|---|---|---|---|
| 001 | 0074 | ||
| 003 | DO-SdBNP | ||
| 005 | 20221111104313.0 | ||
| 007 | 0074 | ||
| 008 | 151026b pe 2011 xxu||||| |||| 00| 0 spa d | ||
| 020 | _a9786124103155 | ||
| 040 |
_aBPMSU _bspa _cBPMSU |
||
| 082 |
_a822.33 _bS527h 2011 _222 |
||
| 100 | 1 | _aShakespeare, William | |
| 245 | 1 | 0 |
_aHamlet / _cWilliam Shakespeare ; ilustración Gerson Jara Morales _b |
| 260 |
_aLima, Perú : _bEducativa, _c2011 |
||
| 300 |
_a103 p. : _bil., _c19 cm. |
||
| 490 | 1 | 0 | _aSemillas del saber |
| 600 | 1 | 4 |
_aShakespeare, William _d1564-1616. _2 |
| 650 | 4 | _aTeatro inglés. | |
| 650 | 4 | _aTragedia inglesa. | |
| 650 | 4 | _aTeatro inglés. | |
| 700 | 1 |
_aJara Morales, Gerson, _3il. |
|
| 910 | _aVMateo V./Validado | ||
| 942 |
_2ddc _cBK |
||
| 945 | _aInventariado, 2018/MFF | ||
| 956 | _aBrenda Tavárez | ||
| 999 |
_c8466 _d8466 |
||